000 00938nam a2200205Ia 4500
001 1259
003 GE_BSU
008 181216s||||||||xx |||||||||||||| ||und||
040 _cGE_BSU
080 _a636
245 _aმეცხოველეობის ფერმების მექანიზაცია და ავტომატიზაცია.მოწყობილობები რძის პირველადი დამუშავებისათვის.
245 _bმეთოდური მითითება ლაბორატორიული სამუშაოს ჩასატარებლად.
260 _aთბილისი.
260 _bსასოფლო სამეურნეო ინსტიტუტი.
260 _c1981.
300 _a40 გვ.19 სმ.
541 _h1 ლ.
653 _aმეცხოველეობა.
942 _cBK
999 _c35405
_d35405